Tier mit "W" aufzählen - Statistiken

Allgemein
  • Dieses Quiz wurde 205 mal gespielt
  • Das Durchschnittsergebnis liegt bei 18 aus 59
Antwortstatistiken
Tier mit W % Korrekt
Wal
99%
Wildschwein
68%
Wurm
67%
Weißer Hai
60%
Windhund
58%
Wolf
58%
Wombat
51%
Warzenschwein
50%
Walhai
49%
Wasserschwein
49%
Wachtel
47%
Wiesel
45%
Wanze
44%
Waldameise
41%
Wels
41%
Waschbär
40%
Weißkopfseeadler
40%
Wespe
39%
Weinbergschnecke
38%
Wiedehopf
37%
Walross
36%
Widder
36%
Waldkatze
34%
Wellensittich
34%
Wisent
33%
Wildkatze
32%
Wildpferd
32%
Wolfsspinne
32%
Waran
30%
Weberknecht
30%
Wüstenfuchs
30%
Waldkauz
29%
Wasserläufer
29%
Wattwurm
29%
Wallach
27%
Waldrapp
23%
Wollnashorn
22%
Wanderfalke
21%
Welpe
18%
Wasserbüffel
17%
Wasserfloh
16%
Wasserschildkröte
16%
Wolfshund
16%
Würfelqualle
16%
Wollschwein
15%
Wühlmaus
12%
Wasserratte
11%
Wildgans
11%
Winkelspinne
11%
Wüstenspringmaus
8%
Wasserschnecke
7%
Wanderratte
5%
Wasserpieper
5%
Wildbiene
5%
Wildkaninchen
5%
Waldohreule
3%
Wasserfrosch
3%
Wildlachs
1%
Wüstenheuschrecke
1%
Keine übereinstimmenden Quizze gefunden
Verteilung der Resultate
Anzahl Personen mit jedem Resultat
Perzentil nach korrekt beantworteten Fragen
Ihre Resultats-Entwicklung
Sie haben dieses Quiz noch nicht gespielt